| 000 | 01077nam a2200229Ia 4500 | ||
|---|---|---|---|
| 999 |
_c40435 _d40435 |
||
| 001 | 7044 | ||
| 003 | GE_BSU | ||
| 005 | 20230928170316.0 | ||
| 008 | 181216s2011||||ge |||||||||||||| ||geo|| | ||
| 020 | _a9789941192555 (ტ.1) | ||
| 040 | _cGE_BSU | ||
| 041 | _ageo | ||
| 080 | _a821.353.1-31 ჯ-14 | ||
| 100 |
_aჯავახიშვილი, მიხეილ _91373 |
||
| 245 |
_aკვაჭი კვაჭანტირაძე : რომანი (1ნაწ) : _bტ.1 პროზა / _cმიხეილ ჯავახიშვილი ; სარედ. ჯგუფი : ზურაბ აბაშიძე, მანანა ჯანელიძე, ირმა ხარშილაძე ; გარეკანის დიზაინერი ეთერ გზირიშვილი. |
||
| 264 |
_aთბილისი : _bპალიტრა L, _c2011. |
||
| 300 |
_a352 გვ. ; _c20 სმ. |
||
| 490 |
_aჩემი რჩეული _xISSN 2233-3037 |
||
| 541 | _h10ლ. | ||
| 653 | _aრომანი | ||
| 942 |
_cBK _2udc |
||